[Event "CAN-ch U20 2004"]
[Site "Calgary CAN"]
[Date "2004.01.02"]
[Round "2.9"]
[White "Juma, Sadiq"]
[Black "Kazakevich, Anastasia"]
[Result "1/2-1/2"]
[WhiteElo "1646"]
[BlackElo "1858"]
[PlyCount "82"]
[GameId "2160767911209039"]
[EventDate "2004.01.02"]
[EventType "swiss"]
[EventRounds "9"]
[EventCountry "CAN"]

1. e4 c5 2. Nf3 e6 3. d4 cxd4 4. Nxd4 a6 5. Bd3 Nc6 6. Ne2 Nf6 7. Nbc3 Be7 8. O-O O-O 9. Ng3 b5 10. f4 b4 11. Na4 d6 12. f5 d5 13. fxe6 Bxe6 14. Qe2 dxe4 15. Nxe4 a5 16. Nxf6+ Bxf6 17. Qe4 Qd4+ 18. Kh1 Qxe4 19. Bxe4 Rac8 20. Nb6 Rb8 21. Nd5 Bxd5 22. Bxd5 Nd4 23. Be4 Rbc8 24. c3 bxc3 25. bxc3 Rxc3 26. Bb2 Re3 27. Bf5 Nxf5 28. Bxf6 Ng3+ 29. hxg3 gxf6 30. Rf3 Rxf3 31. gxf3 Rc8 32. Kg2 Rc2+ 33. Kh3 Kg7 34. a4 Rc4 35. f4 Kg6 36. Kg4 h5+ 37. Kh4 Rc2 38. Kh3 Rc4 39. Kh4 Rd4 40. Ra2 f5 41. Ra3 Rc4 1/2-1/2

[Event "CAN-ch U20 2004"]
[Site "Calgary CAN"]
[Date "2004.01.03"]
[Round "3"]
[White "Kaminski, Victor"]
[Black "Dinca, Cornelia"]
[Result "1-0"]
[WhiteElo "1976"]
[BlackElo "1789"]
[PlyCount "91"]
[GameId "2160767911209040"]
[EventDate "2004.01.02"]
[EventType "swiss"]
[EventRounds "9"]
[EventCountry "CAN"]
[SourceTitle "EXT 2005"]
[Source "ChessBase"]
[SourceDate "2004.11.15"]
[SourceVersion "1"]
[SourceVersionDate "2004.11.15"]
[SourceQuality "1"]

1. e4 c5 2. Nf3 d6 3. d4 cxd4 4. Nxd4 Nf6 5. Nc3 Nc6 6. Bg5 e6 7. f4 Be7 8. Nxc6 bxc6 9. Qf3 h6 10. Bxf6 Bxf6 11. Bc4 O-O 12. O-O-O Qc7 13. h4 d5 14. e5 Be7 15. Be2 Rb8 16. Rd2 Qb6 17. Nd1 c5 18. g4 Qa5 19. a3 f6 20. g5 fxg5 21. Qh5 c4 22. hxg5 Bxa3 23. c3 Bxb2+ 24. Rxb2 Qa1+ 25. Kc2 Bd7 26. Rb4 Rxb4 27. cxb4 Ba4+ 28. Kd2 Qd4+ 29. Ke1 Qxf4 30. gxh6 Bxd1 31. hxg7 Qg3+ 32. Kd2 Qf4+ 33. Kxd1 Qd4+ 34. Kc2 Qe4+ 35. Kb2 Qd4+ 36. Ka3 Qc3+ 37. Ka4 Qb3+ 38. Kb5 Rb8+ 39. Kc6 Rb6+ 40. Kc7 Rb7+ 41. Kxb7 Qxb4+ 42. Kc6 Qa4+ 43. Kd6 Qa6+ 44. Ke7 Qb7+ 45. Kf6 Qxg7+ 46. Kxe6 1-0

[Event "CAN-ch U20 2004"]
[Site "Calgary CAN"]
[Date "2004.01.03"]
[Round "3.1"]
[White "Quan Zhe"]
[Black "Lipnowski, Samuel"]
[Result "1-0"]
[WhiteElo "2449"]
[BlackElo "2154"]
[PlyCount "83"]
[GameId "2160767911209041"]
[EventDate "2004.01.02"]
[EventType "swiss"]
[EventRounds "9"]
[EventCountry "CAN"]

1. d4 e6 2. c4 Nf6 3. Nf3 c5 4. d5 d6 5. Nc3 exd5 6. cxd5 g6 7. e4 a6 8. a4 Bg4 9. Be2 Bxf3 10. Bxf3 Nbd7 11. O-O Bg7 12. Bf4 Qe7 13. Qd2 O-O 14. Bh6 Rfe8 15. Bxg7 Kxg7 16. Rfe1 c4 17. Qd4 Rac8 18. Bd1 Qe5 19. Qe3 g5 20. g3 g4 21. Bc2 Qh5 22. h4 Ne5 23. Kg2 Nf3 24. Re2 Nd7 25. Nd1 Nde5 26. Qc3 Kg8 27. Ne3 Ng6 28. Nf5 Re5 29. Rh1 Rxf5 30. exf5 Nge5 31. Be4 Qh6 32. Re3 b5 33. axb5 axb5 34. Ra1 Re8 35. Ra6 b4 36. Qxb4 Nd3 37. Bxd3 Rxe3 38. Ra8+ Kg7 39. Qb8 Nxh4+ 40. gxh4 Qxh4 41. Qf8+ Kf6 42. Qh8+ 1-0

[Event "CAN-ch U20 2004"]
[Site "Calgary CAN"]
[Date "2004.01.03"]
[Round "3.2"]
[White "Vincent, Trevor"]
[Black "Meng, Fanhao"]
[Result "1/2-1/2"]
[WhiteElo "2010"]
[BlackElo "2273"]
[PlyCount "56"]
[GameId "2160767911209042"]
[EventDate "2004.01.02"]
[EventType "swiss"]
[EventRounds "9"]
[EventCountry "CAN"]

1. c4 e6 2. g3 d5 3. Bg2 Nf6 4. Nf3 c5 5. cxd5 exd5 6. d4 Nc6 7. O-O Be6 8. dxc5 Bxc5 9. Bg5 h6 10. Bxf6 Qxf6 11. Nc3 Rd8 12. Ne1 Bd4 13. Rc1 O-O 14. Qa4 a6 15. Nd3 Bxc3 16. Rxc3 Nd4 17. Nf4 g5 18. Rd3 Nf5 19. Nxd5 Qxb2 20. Rfd1 Bxd5 21. Bxd5 Kg7 22. e4 Ne7 23. Rb3 Qe5 24. Rxb7 Nxd5 25. Rxd5 Rxd5 26. exd5 Qxd5 27. Qxa6 Re8 28. Rb1 Ra8 1/2-1/2

[Event "CAN-ch U20 2004"]
[Site "Calgary CAN"]
[Date "2004.01.03"]
[Round "3.4"]
[White "Hutchison, Jason"]
[Black "Boik, Andrew"]
[Result "0-1"]
[WhiteElo "1368"]
[BlackElo "1980"]
[PlyCount "70"]
[GameId "2160767911209044"]
[EventDate "2004.01.02"]
[EventType "swiss"]
[EventRounds "9"]
[EventCountry "CAN"]

1. e4 c5 2. Nf3 d6 3. Nc3 Nf6 4. d4 cxd4 5. Nxd4 a6 6. h3 e6 7. Bg5 Be7 8. Be2 b5 9. a3 Bb7 10. Bf3 Qc7 11. Qd2 Nbd7 12. O-O-O Ne5 13. h4 Rc8 14. h5 Nc4 15. Qd3 Nxa3 16. bxa3 Qxc3 17. Rhe1 Qxd3 18. Rxd3 Nd7 19. Bxe7 Kxe7 20. Rb3 Ne5 21. a4 Rc4 22. Ne2 b4 23. Kb1 Bxe4 24. Bxe4 Rxe4 25. f3 Rc4 26. Rd1 Rhc8 27. Rc1 Nc6 28. c3 a5 29. cxb4 Rxc1+ 30. Nxc1 Nxb4 31. Nd3 Nxd3 32. Rxd3 Rc4 33. Ra3 d5 34. Kb2 d4 35. g4 Kf6 0-1

[Event "CAN-ch U20 2004"]
[Site "Calgary CAN"]
[Date "2004.01.03"]
[Round "3.6"]
[White "Kazmaier, Daniel"]
[Black "Daswani, Benedict"]
[Result "0-1"]
[WhiteElo "1966"]
[BlackElo "1687"]
[PlyCount "128"]
[GameId "2160767911209045"]
[EventDate "2004.01.02"]
[EventType "swiss"]
[EventRounds "9"]
[EventCountry "CAN"]

1. e4 c5 2. Nf3 e6 3. d4 cxd4 4. Nxd4 a6 5. c4 d6 6. Nc3 Nf6 7. Be3 Be7 8. Be2 O-O 9. O-O b6 10. f4 Bb7 11. Bf3 Qc7 12. Rc1 Nbd7 13. f5 exf5 14. Nxf5 Ne5 15. Nd5 Bxd5 16. cxd5 Qd8 17. Kh1 b5 18. Bd4 Nfd7 19. Bg4 g6 20. Ne3 Bg5 21. Rc3 Bxe3 22. Rxe3 Nc4 23. Rh3 Nde5 24. b3 Nd2 25. Qxd2 Nxg4 26. Qf4 f5 27. Qg3 Qd7 28. Rh4 fxe4 29. Re1 Nf6 30. Bxf6 Rxf6 31. Rhxe4 Qf5 32. Qd3 Raf8 33. h3 Qf2 34. a4 bxa4 35. bxa4 a5 36. Re8 Rxe8 37. Rxe8+ Kf7 38. Qe4 Qf1+ 39. Kh2 Qf4+ 40. Qxf4 Rxf4 41. Re6 Rf6 42. Re4 Rf5 43. Rd4 Kf6 44. g4 Rf2+ 45. Kg3 Ke5 46. Rc4 Kxd5 47. Rc7 Rf6 48. Rxh7 Kc4 49. Rb7 d5 50. Rb5 d4 51. Rxa5 d3 52. Ra8 Rd6 53. Rc8+ Kd4 54. Rc1 d2 55. Rd1 Ke3 56. h4 Ke2 57. Rxd2+ Kxd2 58. Kf4 Rd5 59. g5 Ra5 60. Ke4 Kc3 61. Kf4 Kd3 62. h5 Rxa4+ 63. Ke5 gxh5 64. g6 Rg4 0-1

[Event "CAN-ch U20 2004"]
[Site "Calgary CAN"]
[Date "2004.01.03"]
[Round "3.7"]
[White "Baser, Arthur"]
[Black "Davies, Noam"]
[Result "0-1"]
[WhiteElo "1325"]
[BlackElo "1948"]
[PlyCount "90"]
[GameId "2160767911209046"]
[EventDate "2004.01.02"]
[EventType "swiss"]
[EventRounds "9"]
[EventCountry "CAN"]

1. e4 c5 2. Nf3 e6 3. d4 cxd4 4. Nxd4 a6 5. Nc3 Qc7 6. Be3 Nf6 7. f4 Bb4 8. e5 Nd5 9. Bd2 Nxc3 10. bxc3 Bxc3 11. Bxc3 Qxc3+ 12. Kf2 b5 13. Be2 Bb7 14. Rf1 Qc5 15. Qd3 Nc6 16. Rfd1 O-O-O 17. Kg1 d6 18. Kh1 Nxd4 19. Qxd4 Qxd4 20. Rxd4 dxe5 21. Rxd8+ Rxd8 22. fxe5 Rd2 23. Bf1 Rxc2 24. a3 Bd5 25. Re1 Kc7 26. Re2 Rc1 27. Rf2 Bc4 28. Rxf7+ Kc6 29. Kg1 Rxf1+ 30. Rxf1 Bxf1 31. Kxf1 Kd5 32. Ke2 Kxe5 33. Ke3 a5 34. g3 Kd5 35. Kd3 e5 36. h4 b4 37. a4 e4+ 38. Kc2 Kc4 39. g4 e3 40. g5 b3+ 41. Kc1 b2+ 42. Kxb2 e2 43. g6 h6 44. h5 e1=Q 45. Ka3 Qa1# 0-1

[Event "CAN-ch U20 2004"]
[Site "Calgary CAN"]
[Date "2004.01.02"]
[Round "3.8"]
[White "Kazakevich, Anastasia"]
[Black "Palmer, Jordan"]
[Result "1/2-1/2"]
[WhiteElo "1858"]
[BlackElo "1906"]
[PlyCount "64"]
[GameId "2160767911209047"]
[EventDate "2004.01.02"]
[EventType "swiss"]
[EventRounds "9"]
[EventCountry "CAN"]

1. d4 Nf6 2. c4 e6 3. Nc3 Bb4 4. Bd2 O-O 5. Nf3 c5 6. e3 d6 7. Be2 Nc6 8. O-O e5 9. d5 Ne7 10. a3 Bxc3 11. Bxc3 Ne4 12. Qc2 f5 13. b4 Ng6 14. Nd2 Nxc3 15. Qxc3 e4 16. bxc5 dxc5 17. f3 Re8 18. fxe4 fxe4 19. Rf2 Qg5 20. Raf1 Bh3 21. Kh1 Bg4 22. Bxg4 Qxg4 23. Rf7 Nh4 24. g3 Nf3 25. Nxf3 exf3 26. R1xf3 Re7 27. Rxe7 Qxf3+ 28. Kg1 Qd1+ 29. Kg2 Qe2+ 30. Kg1 Qd1+ 31. Kg2 Qe2+ 32. Kg1 Qd1+ 1/2-1/2

[Event "CAN-ch U20 2004"]
[Site "Calgary CAN"]
[Date "2004.01.03"]
[Round "3.9"]
[White "Wong, Wylon"]
[Black "Juma, Sadiq"]
[Result "1-0"]
[WhiteElo "1922"]
[BlackElo "1646"]
[PlyCount "81"]
[GameId "2160767911209048"]
[EventDate "2004.01.02"]
[EventType "swiss"]
[EventRounds "9"]
[EventCountry "CAN"]

1. d4 Nf6 2. c4 g6 3. Nc3 Bg7 4. e4 d6 5. Bd3 O-O 6. Nge2 e5 7. d5 a5 8. O-O Nh5 9. Be3 f5 10. f3 f4 11. Bf2 g5 12. h3 Nf6 13. c5 h5 14. cxd6 cxd6 15. Kh2 g4 16. Bh4 gxh3 17. Bxf6 Qxf6 18. Qe1 hxg2 19. Rg1 Nd7 20. Rxg2 Nc5 21. Bb5 Kh7 22. Na4 Nxe4 23. fxe4 f3 24. Rxg7+ Qxg7 25. Qg3 fxe2 26. Bxe2 Bg4 27. Rg1 Rf4 28. Qh4 Qg6 29. Bxg4 Rxg4 30. Qe7+ Kh6 31. Rxg4 Qxg4 32. Qxd6+ Qg6 33. Qxe5 Rg8 34. Qf4+ Kh7 35. Qf3 Qg1+ 36. Kh3 Qg5 37. Nc5 Qg4+ 38. Qxg4 Rxg4 39. d6 Rg1 40. d7 Rd1 41. Ne6 1-0

[Event "CAN-ch U20 2004"]
[Site "Calgary CAN"]
[Date "2004.01.03"]
[Round "4"]
[White "Lipnowski, Samuel"]
[Black "Kaminski, Victor"]
[Result "0-1"]
[WhiteElo "2154"]
[BlackElo "1976"]
[PlyCount "128"]
[GameId "2160767911209049"]
[EventDate "2004.01.02"]
[EventType "swiss"]
[EventRounds "9"]
[EventCountry "CAN"]
[SourceTitle "EXT 2005"]
[Source "ChessBase"]
[SourceDate "2004.11.15"]
[SourceVersion "1"]
[SourceVersionDate "2004.11.15"]
[SourceQuality "1"]

1. c4 Nf6 2. Nf3 c5 3. Nc3 Nc6 4. g3 g6 5. Bg2 Bg7 6. O-O O-O 7. d4 cxd4 8. Nxd4 Nxd4 9. Qxd4 d6 10. Qd3 Nd7 11. b3 Nc5 12. Qd2 a5 13. Bb2 Bd7 14. Rac1 Bc6 15. Nd5 Bxd5 16. Bxd5 Bxb2 17. Qxb2 Qc7 18. Rfd1 Rab8 19. Qc2 b6 20. h4 Rbd8 21. h5 e6 22. Bf3 f5 23. Rd4 e5 24. Bd5+ Kh8 25. Rdd1 g5 26. Kg2 Qe7 27. a3 Ne6 28. Qc3 g4 29. Qe3 f4 30. Qxb6 Nd4 31. Rxd4 exd4 32. Qxd4+ Qg7 33. Qxg7+ Kxg7 34. gxf4 Rxf4 35. e3 Rf5 36. Kg3 Rdf8 37. Rc2 Rxh5 38. Kxg4 Re5 39. e4 h5+ 40. Kh4 Rf3 41. b4 Kh6 42. Rd2 Rg5 43. Be6 Rg1 44. Rxd6 Rh1+ 45. Bh3+ Kg7 46. Kxh5 Rfxh3+ 47. Kg5 Rg1+ 48. Kf4 Rxa3 49. b5 Rc3 50. Rc6 a4 51. Rc7+ Kh6 52. b6 Rb1 53. c5 a3 54. b7 a2 55. Rc6+ Kg7 56. Rb6 Rxb6 57. cxb6 a1=Q 58. b8=Q Qc1+ 59. Kg4 Qg1+ 60. Kf4 Qxf2+ 61. Kg4 Qf3+ 62. Kg5 Qg3+ 63. Qxg3 Rxg3+ 64. Kf5 Rb3 0-1

[Event "CAN-ch U20 2004"]
[Site "Calgary CAN"]
[Date "2004.01.03"]
[Round "4.1"]
[White "Meng, Fanhao"]
[Black "Quan Zhe"]
[Result "1/2-1/2"]
[WhiteElo "2273"]
[BlackElo "2449"]
[PlyCount "77"]
[GameId "2160767911209050"]
[EventDate "2004.01.02"]
[EventType "swiss"]
[EventRounds "9"]
[EventCountry "CAN"]

1. e4 c6 2. c4 d5 3. exd5 cxd5 4. cxd5 Nf6 5. Bb5+ Nbd7 6. Nc3 a6 7. Be2 g6 8. d4 Bg7 9. Nf3 O-O 10. O-O Nb6 11. Ne5 Nbxd5 12. Bf3 Be6 13. Bg5 Rc8 14. Rc1 Qd6 15. Qd2 Rfd8 16. Rfd1 b5 17. Nd3 Nxc3 18. bxc3 Bd5 19. Bxf6 Bxf6 20. Bxd5 Qxd5 21. Qe2 Qc4 22. Kf1 Rc6 23. Nb4 Qxe2+ 24. Kxe2 Re6+ 25. Kf1 Red6 26. Nd3 e5 27. Nc5 Rc6 28. Nb3 exd4 29. cxd4 Rcd6 30. d5 Kg7 31. Ke2 Rxd5 32. Rxd5 Rxd5 33. Rc6 Re5+ 34. Kf3 Rf5+ 35. Ke2 Re5+ 36. Kf3 Re1 37. Rxa6 b4 38. Nc5 Ra1 39. Ra4 1/2-1/2

[Event "CAN-ch U20 2004"]
[Site "Calgary CAN"]
[Date "2004.01.03"]
[Round "4.4"]
[White "Davies, Noam"]
[Black "Boik, Andrew"]
[Result "1/2-1/2"]
[WhiteElo "1948"]
[BlackElo "1980"]
[PlyCount "41"]
[GameId "2160767911209052"]
[EventDate "2004.01.02"]
[EventType "swiss"]
[EventRounds "9"]
[EventCountry "CAN"]

1. e4 c5 2. Nf3 d6 3. d4 cxd4 4. Nxd4 Nf6 5. Nc3 a6 6. f3 e6 7. Be3 Be7 8. Qd2 b5 9. Be2 Bb7 10. O-O Qc7 11. a4 bxa4 12. Rxa4 Nbd7 13. Rfa1 Nc5 14. R4a2 Qc8 15. b4 Ncd7 16. b5 axb5 17. Rxa8 Bxa8 18. Ndxb5 O-O 19. Ra7 Rd8 20. Rc7 Qa6 21. Ra7 1/2-1/2

[Event "CAN-ch U20 2004"]
[Site "Calgary CAN"]
[Date "2004.01.03"]
[Round "4.5"]
[White "Daswani, Benedict"]
[Black "Davies, Lucas"]
[Result "1/2-1/2"]
[WhiteElo "1687"]
[BlackElo "2133"]
[PlyCount "36"]
[GameId "2160767911209053"]
[EventDate "2004.01.02"]
[EventType "swiss"]
[EventRounds "9"]
[EventCountry "CAN"]

1. d4 Nf6 2. c4 e6 3. a3 c5 4. Nf3 b6 5. Bf4 Bb7 6. e3 d5 7. Nc3 a6 8. Ne5 Nbd7 9. Qa4 dxc4 10. Nxd7 Qxd7 11. dxc5 b5 12. Qb4 Qc6 13. a4 Bxc5 14. axb5 Bxb4 15. bxc6 Bxc6 16. Bxc4 a5 17. O-O O-O 18. Ne2 Bd5 1/2-1/2

[Event "CAN-ch U20 2004"]
[Site "Calgary CAN"]
[Date "2004.01.03"]
[Round "4.6"]
[White "Dinca, Cornelia"]
[Black "Kazmaier, Daniel"]
[Result "1/2-1/2"]
[WhiteElo "1789"]
[BlackElo "1966"]
[PlyCount "119"]
[GameId "2160767911209054"]
[EventDate "2004.01.02"]
[EventType "swiss"]
[EventRounds "9"]
[EventCountry "CAN"]

1. e4 e6 2. d4 d5 3. Nc3 Bb4 4. a3 Bxc3+ 5. bxc3 Ne7 6. e5 c5 7. f4 b6 8. Nf3 Ba6 9. Bd3 h5 10. Be3 Bxd3 11. Qxd3 c4 12. Qe2 Nf5 13. Bf2 Nc6 14. Ng5 b5 15. O-O a5 16. Nf3 Kd7 17. Rfb1 Qb6 18. h3 g6 19. g4 hxg4 20. hxg4 Nh6 21. Nh4 Rag8 22. g5 Nf5 23. Nxf5 gxf5 24. Kg2 Ne7 25. a4 b4 26. cxb4 axb4 27. Qd2 Nc6 28. a5 Qc7 29. Be1 Ra8 30. a6 c3 31. Qd3 Rhb8 32. Ra4 Qa7 33. Bf2 Rb6 34. Rba1 Rc8 35. Qh3 Re8 36. Kh2 Re7 37. Be3 f6 38. Qh6 fxe5 39. dxe5 b3 40. Bf2 b2 41. Rb1 Qb8 42. Bxb6 Qxb6 43. Qh5 Qb5 44. Ra3 Qb4 45. Rb3 Qe4 46. Kg3 Qe3+ 47. Kg2 Na5 48. a7 Qe4+ 49. Kg3 Qe3+ 50. Kg2 Qd2+ 51. Kg3 Qxc2 52. a8=Q Qxb3 53. Qa7+ Nb7 54. Qf3 Qb4 55. Qaf2 Nc5 56. Kg2 d4 57. Rd1 Kc7 58. Rxd4 b1=Q 59. Rxb4 Qxb4 60. Q2e3 1/2-1/2

[Event "CAN-ch U20 2004"]
[Site "Calgary CAN"]
[Date "2004.01.03"]
[Round "4.7"]
[White "Kaminski, Thomas"]
[Black "Wong, Wylon"]
[Result "1/2-1/2"]
[WhiteElo "1784"]
[BlackElo "1922"]
[PlyCount "85"]
[GameId "2160767911209055"]
[EventDate "2004.01.02"]
[EventType "swiss"]
[EventRounds "9"]
[EventCountry "CAN"]

1. c4 Nf6 2. g3 d6 3. Bg2 g6 4. Nf3 Bg7 5. Nc3 O-O 6. O-O e5 7. d3 c6 8. Bd2 Be6 9. Ng5 Bg4 10. h3 Bf5 11. e4 Bd7 12. f4 Qc8 13. Kh2 Nh5 14. f5 Nf6 15. fxg6 fxg6 16. Qb3 c5 17. Nd5 Nc6 18. Be3 b6 19. Bd2 Nxd5 20. cxd5 Nd4 21. Qd1 Bb5 22. Be3 Bh6 23. Qd2 Bxg5 24. Bxg5 Qa6 25. Rxf8+ Rxf8 26. Be7 Nf3+ 27. Bxf3 Rxf3 28. Bxd6 Bxd3 29. Bxe5 Bxe4 30. d6 Rd3 31. Qh6 Qb7 32. Rf1 Rf3 33. Rxf3 Bxf3 34. Qg7+ Qxg7 35. Bxg7 Bc6 36. Be5 Kf7 37. g4 Ke6 38. Bf4 b5 39. Kg3 h5 40. gxh5 gxh5 41. Kh4 Bf3 42. Kg5 a5 43. Kh4 1/2-1/2

[Event "CAN-ch U20 2004"]
[Site "Calgary CAN"]
[Date "2004.01.03"]
[Round "4.8"]
[White "Palmer, Jordan"]
[Black "Hutchison, Jason"]
[Result "1-0"]
[WhiteElo "1906"]
[BlackElo "1368"]
[PlyCount "43"]
[GameId "2160767911209056"]
[EventDate "2004.01.02"]
[EventType "swiss"]
[EventRounds "9"]
[EventCountry "CAN"]

1. e4 e6 2. d4 c5 3. Nf3 cxd4 4. Nxd4 d5 5. exd5 Qxd5 6. Bb5+ Bd7 7. Bxd7+ Nxd7 8. O-O Bc5 9. Be3 e5 10. Nc3 Qd6 11. Nf5 Qxd1 12. Nxg7+ Kf8 13. Raxd1 Bxe3 14. fxe3 Ngf6 15. Nf5 Rd8 16. Nd5 Nxd5 17. Rxd5 Ke8 18. Nd6+ Kf8 19. Nxf7 Kg7 20. Nxh8 Kxh8 21. Rf7 Kg8 22. Rdxd7 1-0

[Event "CAN-ch U20 2004"]
[Site "Calgary CAN"]
[Date "2004.01.03"]
[Round "4.9"]
[White "Baser, Arthur"]
[Black "Kazakevich, Anastasia"]
[Result "1/2-1/2"]
[WhiteElo "1325"]
[BlackElo "1858"]
[PlyCount "56"]
[GameId "2160767911209057"]
[EventDate "2004.01.02"]
[EventType "swiss"]
[EventRounds "9"]
[EventCountry "CAN"]

1. e4 c5 2. Nf3 e6 3. d4 cxd4 4. Nxd4 a6 5. Nc3 Nc6 6. Bc4 Qc7 7. Bb3 Nf6 8. Be3 Bb4 9. f3 Na5 10. Bd2 O-O 11. O-O Bc5 12. Be3 e5 13. Nf5 g6 14. Nh6+ Kg7 15. Qd2 Nxb3 16. cxb3 b5 17. Rac1 Bxe3+ 18. Qxe3 Qa7 19. Qxa7 Rxa7 20. Ng4 Nxg4 21. fxg4 d5 22. Nxd5 Bxg4 23. Rc6 Rc8 24. Rff6 Rxc6 25. Rxc6 Be6 26. Nb4 a5 27. Na6 Bc8 28. Nc5 Ra8 1/2-1/2

[Event "CAN-ch U20 2004"]
[Site "Calgary CAN"]
[Date "2004.01.04"]
[Round "5"]
[White "Quan Zhe"]
[Black "Kaminski, Victor"]
[Result "1-0"]
[WhiteElo "2449"]
[BlackElo "1976"]
[PlyCount "60"]
[GameId "2160767911209058"]
[EventDate "2004.01.02"]
[EventType "swiss"]
[EventRounds "9"]
[EventCountry "CAN"]
[SourceTitle "EXT 2005"]
[Source "ChessBase"]
[SourceDate "2004.11.15"]
[SourceVersion "1"]
[SourceVersionDate "2004.11.15"]
[SourceQuality "1"]

1. d4 c5 2. d5 Nf6 3. c4 e6 4. Nc3 a6 5. a4 exd5 6. cxd5 d6 7. e4 g6 8. Be2 Bg7 9. Nf3 O-O 10. O-O Re8 11. Nd2 Nbd7 12. Qc2 Rb8 13. Nc4 Ne5 14. Ne3 g5 15. Bd2 h6 16. h3 Ng6 17. Rfe1 Nd7 18. Nf5 Nde5 19. g3 Bxf5 20. exf5 Ne7 21. a5 Qc8 22. g4 b5 23. Ne4 Nxf5 24. gxf5 Qxf5 25. Ra3 Nc4 26. Bxc4 bxc4 27. Rae3 Rxb2 28. Nf6+ Qxf6 29. Rxe8+ Bf8 30. Qc3 Qd4 1-0

[Event "CAN-ch U20 2004"]
[Site "Calgary CAN"]
[Date "2004.01.04"]
[Round "5.3"]
[White "Boik, Andrew"]
[Black "Vincent, Trevor"]
[Result "1/2-1/2"]
[WhiteElo "1980"]
[BlackElo "2010"]
[PlyCount "93"]
[GameId "2160767911209060"]
[EventDate "2004.01.02"]
[EventType "swiss"]
[EventRounds "9"]
[EventCountry "CAN"]

1. e4 c5 2. Nf3 Nc6 3. d4 cxd4 4. Nxd4 g6 5. c4 Nf6 6. Nc3 d6 7. Be2 Nxd4 8. Qxd4 Bg7 9. Bd2 O-O 10. Qe3 Be6 11. O-O a6 12. Rfc1 Nd7 13. Rab1 f5 14. f3 f4 15. Qf2 Rc8 16. b3 g5 17. Kh1 Qb6 18. Qxb6 Nxb6 19. Bf1 Nd7 20. Ne2 Nc5 21. Bc3 Bxc3 22. Rxc3 Rc7 23. Rbc1 Rfc8 24. g3 fxg3 25. hxg3 Nd7 26. Nd4 Kf7 27. Kg1 Rh8 28. Nxe6 Kxe6 29. Bh3+ Ke5 30. Bxd7 Rxd7 31. Rd3 Rc7 32. Rcd1 Kf6 33. Kf2 Rc5 34. Rd5 b6 35. Rh1 h5 36. Ke3 Rxd5 37. cxd5 Rc8 38. Kd3 Kg6 39. f4 Rh8 40. Kd4 gxf4 41. gxf4 h4 42. Rg1+ Kh5 43. Ke3 h3 44. Kf3 Rc8 45. Rg5+ Kh4 46. Rg4+ Kh5 47. Rg5+ 1/2-1/2

[Event "CAN-ch U20 2004"]
[Site "Calgary CAN"]
[Date "2004.01.04"]
[Round "5.4"]
[White "Daswani, Benedict"]
[Black "Davies, Noam"]
[Result "0-1"]
[WhiteElo "1687"]
[BlackElo "1948"]
[PlyCount "26"]
[GameId "2160767911209061"]
[EventDate "2004.01.02"]
[EventType "swiss"]
[EventRounds "9"]
[EventCountry "CAN"]

1. d4 Nf6 2. c4 g6 3. Nc3 d5 4. Nf3 Bg7 5. Bf4 c5 6. Bxb8 Rxb8 7. Qa4+ Bd7 8. Qxa7 b6 9. dxc5 bxc5 10. cxd5 Rxb2 11. Qxc5 Rc2 12. Qb4 Qc7 13. Nd1 Nxd5 0-1

[Event "CAN-ch U20 2004"]
[Site "Calgary CAN"]
[Date "2004.01.04"]
[Round "5.5"]
[White "Davies, Lucas"]
[Black "Lipnowski, Samuel"]
[Result "1-0"]
[WhiteElo "2133"]
[BlackElo "2154"]
[PlyCount "95"]
[GameId "2160767911209062"]
[EventDate "2004.01.02"]
[EventType "swiss"]
[EventRounds "9"]
[EventCountry "CAN"]

1. e4 c5 2. Nc3 e6 3. g3 d5 4. exd5 exd5 5. d4 cxd4 6. Qxd4 Be6 7. Bg2 Nc6 8. Qd1 d4 9. Nce2 Bb4+ 10. Bd2 Nge7 11. a3 Bc5 12. Nf3 d3 13. Nf4 dxc2 14. Qxc2 Qb6 15. O-O Bb3 16. Qc3 O-O 17. Rac1 Bd6 18. Be3 Qb5 19. Nd2 Na5 20. Nxb3 Nxb3 21. Rcd1 Rfd8 22. Qd3 Qxd3 23. Rxd3 Na5 24. Rfd1 Nf5 25. Bc1 Rac8 26. Bh3 g6 27. Bxf5 gxf5 28. Rxd6 Rxd6 29. Rxd6 Rxc1+ 30. Kg2 Rc2 31. b4 Nc4 32. Rd7 Ne3+ 33. Kh3 Rxf2 34. Rxb7 Ng4 35. Kh4 h6 36. h3 Ne5 37. Rxa7 Rf1 38. b5 Rg1 39. b6 Kg7 40. Ne2 Ng6+ 41. Kh5 Rh1 42. h4 Ne5 43. Nd4 Rf1 44. b7 Nd7 45. Ne6+ Kf6 46. Nc5 Nb6 47. Ra8 Nd7 48. Ra7 1-0

[Event "CAN-ch U20 2004"]
[Site "Calgary CAN"]
[Date "2004.01.04"]
[Round "5.6"]
[White "Kazmaier, Daniel"]
[Black "Palmer, Jordan"]
[Result "1-0"]
[WhiteElo "1966"]
[BlackElo "1906"]
[PlyCount "39"]
[GameId "2160767911209063"]
[EventDate "2004.01.02"]
[EventType "swiss"]
[EventRounds "9"]
[EventCountry "CAN"]

1. e4 c5 2. Nf3 Nc6 3. c3 d5 4. exd5 Qxd5 5. d4 cxd4 6. cxd4 e5 7. Nc3 Bb4 8. Bd2 Bxc3 9. Bxc3 e4 10. Ne5 Nf6 11. Bc4 Qd8 12. Nxf7 Qe7 13. Nxh8 Be6 14. Qb3 Bxc4 15. Qxc4 Qf8 16. Qe6+ Ne7 17. Bb4 Nfd5 18. Bxe7 Nxe7 19. d5 Rc8 20. d6 1-0

[Event "CAN-ch U20 2004"]
[Site "Calgary CAN"]
[Date "2004.01.04"]
[Round "5.7"]
[White "Juma, Sadiq"]
[Black "Kaminski, Thomas"]
[Result "0-1"]
[WhiteElo "1646"]
[BlackElo "1784"]
[PlyCount "65"]
[GameId "2160767911209064"]
[EventDate "2004.01.02"]
[EventType "swiss"]
[EventRounds "9"]
[EventCountry "CAN"]

1. e4 c5 2. Nf3 Nc6 3. d4 cxd4 4. Nxd4 Nf6 5. Nc3 g6 6. Be3 Bg7 7. Bc4 O-O 8. Bb3 Qa5 9. f3 d6 10. Qd2 Bd7 11. O-O-O Ne5 12. Bh6 Rac8 13. h4 Nc4 14. Bxc4 Rxc4 15. Bxg7 Kxg7 16. Nb3 Qe5 17. h5 g5 18. h6+ Kh8 19. Qe3 Rfc8 20. Qxa7 b5 21. Rd2 b4 22. Nd1 Qf4 23. Qe3 Qe5 24. Qd3 Bb5 25. Qe3 Ba4 26. Kb1 Bxb3 27. Qxb3 Rd4 28. Rxd4 Qxd4 29. Qxf7 Ng8 30. Nf2 e6 31. Rd1 Nxh6 32. Qxe6 Qc5 33. Qxh6 0-1

[Event "CAN-ch U20 2004"]
[Site "Calgary CAN"]
[Date "2004.01.04"]
[Round "5.8"]
[White "Wong, Wylon"]
[Black "Kazakevich, Anastasia"]
[Result "1/2-1/2"]
[WhiteElo "1922"]
[BlackElo "1858"]
[PlyCount "78"]
[GameId "2160767911209065"]
[EventDate "2004.01.02"]
[EventType "swiss"]
[EventRounds "9"]
[EventCountry "CAN"]

1. d4 d5 2. c4 c6 3. cxd5 cxd5 4. Nc3 Nc6 5. Bf4 Nf6 6. e3 e6 7. Bb5 Bd7 8. Nf3 Be7 9. O-O O-O 10. a3 a6 11. Bxc6 Bxc6 12. b4 Ne4 13. Qb3 Nxc3 14. Qxc3 Bb5 15. Bc7 Qe8 16. Rfc1 Rc8 17. Qd2 Bc4 18. Bb6 Qc6 19. Bc5 Qc7 20. Ne5 b6 21. Bxe7 Qxe7 22. Rc3 b5 23. Nd3 Bxd3 24. Qxd3 Rc4 25. Rac1 Rfc8 26. f3 R8c6 27. Kf1 Qc7 28. Rxc4 Rxc4 29. Rxc4 Qxc4 30. Ke2 g6 31. e4 Qxd3+ 32. Kxd3 f5 33. exd5 exd5 34. Ke3 Kf7 35. h4 h6 36. g4 Kf6 37. Kf4 g5+ 38. hxg5+ hxg5+ 39. Ke3 f4+ 1/2-1/2